000 00747nam a2200205Ia 4500
001 5750
003 GE_BSU
008 181216s||||||||xx |||||||||||||| ||und||
040 _cGE_BSU
100 _aДубнов Я.С
245 _aОсновы векторного исчисления. Ч. I. Векторная алгебра. Элемнты.Векторного анализа
245 _bУчебное пособие для студ. ин-тов и втузов
250 _aизд.3-ье, перер и доп
260 _aМ-Л
260 _bГостехиздат
260 _c1939
300 _a330с 22см.
653 _aВекторная алгебра. Элемнтывекторного анализа
942 _cBK
999 _c39167
_d39167